| 000 | 00674cam a22002293a 4500 | ||
|---|---|---|---|
| 001 | 23559 | ||
| 003 | PGUSA | ||
| 005 | 20140828083513.0 | ||
| 008 | 071120s2007||||xxu|||||s|||||000 | eng d | ||
| 040 |
_aPGUSA _beng |
||
| 042 | _adc | ||
| 050 | 4 | _aBF | |
| 100 | 1 |
_aTrine, Ralph Waldo, _d1866-1958 |
|
| 245 | 1 | 0 |
_aIn Tune with the Infinite ; _bor, Fullness of Peace, Power, and Plenty _h[electronic resource] / _cRalph Waldo Trine |
| 260 |
_bProject Gutenberg, _c2007 |
||
| 506 | _aPublic domain in the USA. | ||
| 516 | _aElectronic text | ||
| 653 | _aNew Thought | ||
| 830 | 0 |
_aProject Gutenberg _v23559 |
|
| 856 | 4 | 0 | _uhttp://www.gutenberg.org/ebooks/23559 |
| 942 | _cEB | ||
| 999 |
_c252814 _d252814 |
||